| 000 | 00454nam a2200157 i 4500 | ||
|---|---|---|---|
| 001 | 98389 | ||
| 003 | ES-MaACL | ||
| 005 | 20230906182256.0 | ||
| 008 | 050728s1956 sp f |||| | spa d | ||
| 100 | 1 |
_aMartí Raso, Carlos. _977235 |
|
| 245 | 1 | 3 |
_aEl pedicuro moderno / _cpor Carlos Martí Raso. |
| 260 |
_aMadrid : _bEscuelas Marty, _c1956. |
||
| 300 |
_aXXIV, 246 p., 7 lám. ; _c21 cm. |
||
| 650 | 4 |
_aPodología. _9170934 |
|
| 852 |
_aES-MaACL _jC-11357 |
||
| 999 |
_c98389 _d98389 |
||